=LDR 00000nam 2200000 4500 =001 INLIS000000000019668 =005 20130612114710 =008 ***********************************Ind** =035 ##$$0010-061300000019668 =041 ##$$a Ind =082 ##$$a 618.105 9 =090 ##$$a 618.105 9, Man d =100 ##$$a Manuaba, Ida Bagus Gde =245 ##$$a Dasar-dasar teknik operasi ginekologi, Ida Bagus Gde Manuaba =260 ##$$a 2004 $b Jakarta =300 ##$$a viii, 642 hlm, ilus, 27 cm =650 ##$$a Ginekologi =850 ##$$a NBPNMAT =990 ##$$a 0001/BPAP-NTB/2016